000 00316nam a2200145Ia 4500
005 20251222151328.0
008 251222s9999||||xx |||||||||||||| ||spa||
020 _a9788493521356
082 _a843/P48
100 _aPetta, Adriano
245 0 _aLa Herejía:
250 _a1ra.ed.
264 _bStar
942 _cLIB
999 _c23978
_d23978